| 000 | 00592nam a2200217Ia 4500 | ||
|---|---|---|---|
| 008 | |||
| 020 | _a1857430085 (hbk.) | ||
| 049 | _aMAIN | ||
| 090 | _aREF CT103 | ||
| 245 | 0 | 4 | _aThe International who's who, 1995-96. |
| 250 | _a59th ed. | ||
| 260 |
_aLondon : _bEuropa Publications, _c1995. |
||
| 300 |
_axxii, 1713 p. ; _c29 cm. |
||
| 650 | 0 |
_aBiography _xDictionaries. |
|
| 650 | 7 |
_aBiografias _2larpcal |
|
| 907 |
_a.b10075665 _b16-01-07 _c17-04-03 |
||
| 003 | |||
| 005 | 20230120191410.0 | ||
| 040 | _cNUST | ||
| 942 |
_cBOOKS _kREF CT103 |
||
| 999 |
_c100418 _d100418 |
||